| 000 | 00792nas a2200253 4500 | ||
|---|---|---|---|
| 001 | BR0301521 | ||
| 003 | BR-BrBNA | ||
| 005 | 20231205103642.0 | ||
| 007 | ta | ||
| 008 | 230509b bl.|||p| |||| 00| 00por d | ||
| 040 |
_aBR-BrBNA _bpor _cBiblioteca Nacional de Agricultura |
||
| 041 | _a(Pt) | ||
| 072 | _aU10 | ||
| 100 | 1 | _aSantos, C. dos | |
| 100 | 1 | _aFerreira, D.F. | |
| 100 | 1 | _aBueno Filho, J.S. de S. | |
| 245 | 1 | _aNovas alternativas de testes de agrupamento avaliadas por meio de simulação Monte Carlo | |
| 650 | _aANÁLISE ESTATÍSTICA | ||
| 650 | _aSIMULAÇÃO | ||
| 650 | _aMÉTODO | ||
| 773 | 0 |
_tCiência e Agrotecnologia (Brazil) _xISSN 1413-7054 _g(Nov-Dec 2001), v. 25(6) p. 1382-1392 _wBR0301521 |
|
| 909 |
_a202311 _bLúcia _c55 _dLúcia Elande |
||
| 942 |
_2AGRIS _n0 _cANA |
||
| 999 |
_c174025 _d174025 |
||